000 00701nam a2200277Ia 4500
005 20260320195920.0
008 008 262003s9999 xx 000 0 hin d
020 _a9789360863944
037 _aEBOOK
040 _aCRL
040 _bhin
040 _cCRL
041 _2hin
041 _ahin
084 _qCRL
100 _aचार्ल्स चैपलिन, अनु. सूरज प्रकाश
_91133532
245 0 _aमेरी आत्मकथा
250 _a1st
260 _bRajkamal
260 _c2024
300 _a528
856 _uhttps://ebook.indiaread.in/pdfs/9789360863944.pdf
942 _cEBOOK
999 _c1717168
_d1717168